000 00741nam a2200253Ia 4500
003 OSt
005 20220918223440.0
006 a|||||r|||| 00| 0
007 ta
008 220917b |||||||| |||| 00| 0 eng d
024 _a222,680
037 _cTextual
040 _aARTS
_cARTS
_beng
041 _2eng
_aeng
082 _aY:(R), P4
100 _aMukherji Partha Nath Ed.
_9145755
245 0 _aIndigeneity and universality in social science
_b a South Asian response
260 _aNew Delhi
_bSage pub.
_c2004
300 _a405p.
_ccm.
650 _aSOCIOLOGY
700 _a Sengupta Chandan Ed.
_930342
942 _hY:(R), P4
_cTEXL
_2CC
999 _c278481
_d278481